00983nam a22001697a 4500008004100000020001800041050002100059100004900080245009600129260003200225300005700257500003100314504005800345505032800403650003800731700004400769160523r2003 mx a|||| |||| 00| 0 spa d a9789682466458 4aHB74.5bC37 200310aCárdenas Vidaurri, José Honorioe, autor10aFundamentos de economíac/ José Honorio Cárdenas Vidaurri, Israel Casimiro Zacarías3 aMéxicob: Trillasc, 2003 a156 páginasb: ilustraciones, grafícasc; 23 cm. aPrimer reimpresión 2003  6Incluye índice onomástico, índice analítico. aLa formación del mundo contemporáneo. Conceptos generales Los bienes. La actividad económica. El valor de los bienes. Los flujos de la economía. Los bancos y las finanzas. El ahorro. La oferta y la demanda. La inflación. El mercado. La demanda agregada. La globalización. Análisis de la economía en México14aECONOMÍAxESTUDIO Y ENSEÑANZA aCasimiro Zacarías, Israel e, coautor